LEADER 00876nam a2200181 i 4500 001 000000178940 003 CaOOAMICUS 005 20090420000000.0 008 090420s1935 it u000 u fre u 013 $a156515 040 $aSeMil$bita 100 1 $aHanotaux, Gabriel.$0(OLS)http://semarc/name/8509 245 13$aLa lutte contre la maison d'Autriche ; L'annè de Corbie ; Paris menacé et délivré ; Le voeu de Louis 13. ; La naissance du Dauphin. 300 $a398 p. 773 0 $aHanotaux, Gabriel$tHistoire du Cardinal de Richelieu.$dParis : Histoire Nationale, 1932.$gTome5$w()21139 850 $aSeMil 852 $aSeMil$W1$xVenegono$y1$m3A V 93$j129706$B129706$CSeMilBibl$Z2$F141224 $81 996 $6245$aLa lutte contre la maison d'Autriche ; L'annè de Corbie ; Paris menacé et délivré ; Le voeu de Louis 13. ; La naissance du Dauphin$9(OLS)http://semarc/title/256996 LEADER 01069nam a2200277 i 4500 001 000000194997 003 CaOOAMICUS 005 20141217000000.0 008 141217s1953 it u000 u fre u 013 $a173658 040 $aSeMil$bita 100 1 $aChavasse, Antoine <1909-2005>.$0(OLS)http://semarc/name/993 245 10$aEglise et apostolat /$cA. Chavasse ... [et al.]. 260 $aParis ; Tournai :$bCasterman,$c1953. 300 $aXI, 258 p. ;$c22 cm. 490 0 $aEglise vivante 500 $aFondo card. Giovanni Colombo. 650 4$aApostolato - Spiritualità.$0(OLS)http://semarc/subject/7685 650 4$aChiesa - Missione.$0(OLS)http://semarc/subject/5368 830 0$aEglise vivante.$0(OLS)http://semarc/title/42384 850 $aSeMil 852 $aSeMil$W1$xVenegono$y1$m3GC V 117$j145566$B145566$CSeMilBibl$Z2$F157144 $8B 941 1 $a3 961 $aLascito: Colombo Card. Giovanni 996 $6245$aEglise et apostolat$9(OLS)http://semarc/title/281215 996 $6260$aParis ; Tournai :$bCasterman$9(OLS)http://semarc/publisher/37954